[Event "Targo Mures Open 2019"]
[Site "Targo Mures"]
[Date "2019.10.17"]
[Round "1.1"]
[White "Szabo, Attila"]
[Black "Istratescu, Andrei"]
[Result "0-1"]
[WhiteElo "2239"]
[BlackElo "2564"]
[Annotator "TA"]
[PlyCount "72"]
[EventDate "2019.03.02"]
[EventType "swiss"]
[EventCountry "ROU"]
[SourceTitle "playchess.com"]
[Source "ChessBase"]
[SourceQuality "1"]

{[%evp 11,98,11,4,11,10,12,5,0,0,-18,-10,-20,-15,-71,-72,-79,-75,-86,-86,-91,-83,-81,-79,-85,-88,-89,-70,-65,-63,-72,-65,-53,-49,-171,-186,-209,-209,-202,-113,-242,-241,-256,-254,-322,-326,-318,-326,-447,-439,-445,-443,-634,-566,-634,-601,-701,-693,-779,-766,-794,-794,-776,-762,-2245,-2015,-11593,-7633,-7506,-9685,-11507,-10610,-9631,-6744,-5755,-5839,-29969,-5306,-29978,-29979,-29977,-29978,-29986,-29987,-29993,-29988,-29995,-29996,-29996,-29997]} 1. d4 d6 2. Nf3 g6 3. Bf4 Bg7 4. e3 Nf6 5. h3 c5 6. c3 Qb6 7. Qb3 {A48: 1 d4 Nf6 2 Nf3 g6: Torre, London and Colle Systems} Be6 (7... O-O {is more complex.} 8. Bd3 Nc6 9. O-O Rd8 10. Bg3 e5) 8. Qxb6 axb6 9. Bb5+ {The position is equal.} (9. a3 Bd7 10. Nbd2 Bc6 11. Bd3 O-O 12. O-O Nbd7 13. e4 cxd4 14. cxd4 e5 {1-0 (44) Le,Q (2737)-Volokitin,A (2628) Riadh 2017}) 9... Nc6 10. a4 Nd5 $146 ({Predecessor:} 10... O-O 11. Nbd2 Na7 12. Bd3 Bd7 13. O-O Rfe8 14. Nc4 {0-1 (45) Campos,W (1693)-Souza,A (1904) Brasilia 2013}) 11. Bg3 Nc7 $36 {[%mdl 2048] Black has good play.} 12. Na3 (12. Be2 $11) 12... Nxb5 $17 13. Nxb5 {aiming for d5!} Kd7 14. Nd2 Na7 {Threatens to win with ...Nxb5.} 15. Ke2 Nxb5 16. axb5 Kc7 17. Kd3 Bf5+ 18. Kc4 e5 19. d5 Bd7 20. b4 f5 21. e4 Bh6 22. Nb3 ({White has to play} 22. Nf3 $1 $15) 22... fxe4 $19 23. Rhe1 Rxa1 24. Nxa1 Bf5 ({Black should play} 24... Ra8 $19 25. Nc2 cxb4 26. Nxb4 Ra3) 25. Kb3 {[#]} (25. Nc2 $17 {keeps fighting.}) 25... e3 $1 {[%mdl 512]} 26. fxe3 Be4 27. c4 Bxg2 28. Nc2 Rf8 29. Re2 Bf1 30. Rh2 Rf3 31. Rf2 (31. Be1 $142) 31... Rxf2 ({Weaker is} 31... Rxg3 32. Rxf1 Bxe3 33. Rf7+ Kc8 34. Nxe3 $17) 32. Bxf2 Bxh3 {[%mdl 4096] Endgame KBB-KBN} 33. Kc3 Bf5 34. bxc5 bxc5 35. Ne1 Be4 36. Kd2 g5 {Played: Bh6-g5} 0-1

[Event "Targo Mures Open 2019"]
[Site "Targo Mures"]
[Date "2019.10.17"]
[Round "1.2"]
[White "Manolache, Marius"]
[Black "Marza, Teodor-Ioan"]
[Result "1-0"]
[WhiteElo "2548"]
[BlackElo "1324"]
[Annotator "ChessBase"]
[PlyCount "25"]
[EventDate "2019.03.02"]
[EventType "swiss"]
[EventCountry "ROU"]
[SourceTitle "playchess.com"]
[Source "ChessBase"]
[SourceQuality "1"]
[TimeControl "5400+30"]

1. d4 {[%emt 0:00:00]} Nf6 {[%emt 0:00:00]} 2. Bg5 {[%emt 0:00:00]} Ne4 {[%emt 0:00:33]} 3. Bf4 {[%emt 0:00:00]} g6 {[%emt 0:01:01]} 4. f3 {[%emt 0:00:59]} Nf6 {[%emt 0:00:38]} 5. e4 {[%emt 0:00:35]} Bg7 {[%emt 0:01:05]} 6. Nc3 {[%emt 0:03:03]} O-O {[%emt 0:01:50]} 7. Qd2 {[%emt 0:02:41]} d6 {[%emt 0:03:28]} 8. O-O-O {[%emt 0:03:54]} c6 {[%emt 0:02:32]} 9. Bh6 {[%emt 0:02:20]} Nbd7 {[%emt 0:01:24]} 10. h4 {[%emt 0:01:46]} Nb6 {[%emt 0:00:36]} 11. h5 {[%emt 0:00:56]} Nxh5 {[%emt 0:03:48]} 12. Rxh5 {[%emt 0:00:44]} gxh5 {[%emt 0:00:10]} 13. Qg5 {[%emt 0:00:05]} 1-0

[Event "Targo Mures Open 2019"]
[Site "Targo Mures"]
[Date "2019.10.17"]
[Round "1.3"]
[White "Kumar, Ambar-David"]
[Black "Jianu, Vlad-Cristian"]
[Result "0-1"]
[WhiteElo "1242"]
[BlackElo "2529"]
[Annotator "ChessBase"]
[PlyCount "70"]
[EventDate "2019.03.02"]
[EventType "swiss"]
[EventCountry "ROU"]
[SourceTitle "playchess.com"]
[Source "ChessBase"]
[SourceQuality "1"]
[TimeControl "5400+30"]

1. e4 {[%emt 0:00:00]} c5 {[%emt 0:00:00]} 2. Nc3 {[%emt 0:00:54]} Nc6 {[%emt 0:00:44]} 3. Nf3 {[%emt 0:01:58]} g6 {[%emt 0:00:25]} 4. Bc4 {[%emt 0:00:48]} Bg7 {[%emt 0:00:32]} 5. d3 {[%emt 0:01:58]} d6 {[%emt 0:00:54]} 6. h3 {[%emt 0:02:53]} Nf6 {[%emt 0:00:13]} 7. a3 {[%emt 0:01:15]} O-O {[%emt 0:00:07]} 8. Be3 {[%emt 0:01:43]} e6 {[%emt 0:01:31]} 9. Bb3 {[%emt 0:04:16]} b6 {[%emt 0:00:25]} 10. Ba4 {[%emt 0:01:27]} Bb7 {[%emt 0:00:06]} 11. Rb1 {[%emt 0:02:11]} d5 {[%emt 0:01:45]} 12. Bf4 {[%emt 0:03:56]} dxe4 {[%emt 0:03:36]} 13. dxe4 {[%emt 0:02:57]} Nd4 {[%emt 0:00:22]} 14. Nxd4 {[%emt 0:04:11]} cxd4 {[%emt 0:00:17]} 15. Nb5 {[%emt 0:01:00]} Nxe4 {[%emt 0:00:14]} 16. O-O {[%emt 0:07:52]} e5 {[%emt 0:00:08]} 17. Bh2 {[%emt 0:01:45]} a6 {[%emt 0:00:05]} 18. Nxd4 {[%emt 0:06:19]} exd4 {[%emt 0:00:09]} 19. Re1 {[%emt 0:02:10]} Qg5 {[%emt 0:02:27]} 20. Qg4 Qxg4 {[%emt 0:00:16]} 21. hxg4 {[%emt 0:03:43]} Nc5 {[%emt 0:00:05]} 22. Bb3 Nxb3 {[%emt 0:00:13]} 23. cxb3 {[%emt 0:03:03]} Rfe8 {[%emt 0:00:05]} 24. Red1 {[%emt 0:00:53]} Bd5 {[%emt 0:00:20]} 25. b4 {[%emt 0:00:57]} Re2 {[%emt 0:00:28]} 26. Bc7 {[%emt 0:01:50]} Bb3 {[%emt 0:00:14]} 27. Rf1 {[%emt 0:01:17]} b5 {[%emt 0:00:17]} 28. Bb6 {[%emt 0:01:02]} d3 {[%emt 0:00:07]} 29. g3 {[%emt 0:01:54]} d2 {[%emt 0:00:10]} 30. Kg2 {[%emt 0:00:55]} Rae8 {[%emt 0:00:17]} 31. Be3 R8xe3 {[%emt 0:00:07]} 32. Kh3 {[%emt 0:00:58]} Rd3 {[%emt 0:00:23]} 33. g5 {[%emt 0:00:43]} Be5 {[%emt 0:00:12]} 34. f4 {[%emt 0:01:18]} Be6+ {[%emt 0:00:07]} 35. Kh4 {[%emt 0:01:35]} Rh2# {[%emt 0:00:03]} 0-1

[Event "Targo Mures Open 2019"]
[Site "Targo Mures"]
[Date "2019.10.17"]
[Round "1.4"]
[White "Anton, Teodor"]
[Black "Donici-Maier, David"]
[Result "1-0"]
[WhiteElo "2445"]
[BlackElo "1237"]
[Annotator "TA"]
[PlyCount "79"]
[EventDate "2019.03.02"]
[EventType "swiss"]
[EventCountry "ROU"]
[SourceTitle "playchess.com"]
[Source "ChessBase"]
[SourceQuality "1"]

{[%evp 16,79,46,35,59,51,66,57,80,91,90,50,74,78,80,73,78,78,83,75,71,78,90,93,108,123,123,123,123,125,143,143,143,143,153,121,284,293,284,258,304,297,344,332,414,336,620,622,580,601,814,603,991,962,1141,1129,1058,1034,1470,1032,29982,29983,29994,29995,29995,29996]} 1. d4 d5 2. Nf3 Nf6 3. c4 e6 4. g3 c5 5. cxd5 exd5 6. Bg2 Be6 7. O-O Nc6 8. Nc3 Be7 9. Bg5 h6 {D34: Tarrasch Defence: 6 g3 Nf6 7 Bg2 Be7} (9... Ne4 10. Bxe7 Qxe7 11. Nxe4 dxe4 12. Ne5 Nxd4 13. e3 Nf3+ 14. Bxf3 exf3 15. Qa4+ Kf8 16. Rfd1 Qf6 17. Nd7+ Bxd7 18. Rxd7 g6 19. Rad1 Kg7 20. R1d6 Qf5 21. g4 Qb1+ 22. Rd1 Qxb2 23. Rxf7+ Kxf7 24. Qd7+ Kf8 {½-½ (24) Schneider,I (2442)-Fish,G (2546) Germany 2007}) 10. Bxf6 $1 Bxf6 11. dxc5 Bxc3 {White is slightly better.} 12. bxc3 Qa5 13. Qb1 $146 ({Predecessor:} 13. Nd4 Qxc5 14. Nxe6 fxe6 15. e4 d4 16. cxd4 Qxd4 17. Qg4 {1-0 (40) Zhao,Y (2379)-Jin,Y (1693) Hangzhou 2018}) 13... Rb8 14. Nd4 {[#] Strongly threatening Nxc6.} O-O 15. e4 {Nb3 is the strong threat.} Qxc5 16. Nxe6 fxe6 17. exd5 exd5 18. Qb3 $36 {[%mdl 2048] Keeping Black busy.} Rfd8 19. Rad1 Na5 20. Qb4 Qxb4 21. cxb4 Nc6 22. Bxd5+ Kh8 23. a3 Rd6 24. b5 Na5 25. Be4 Rbd8 $2 (25... Nc4 $16 26. a4 Nd2) 26. Rxd6 $18 Rxd6 {[%mdl 4096] Endgame KRB-KRN} 27. Rc1 {White threatens Rc8+ and mate.} Rd8 28. Rc7 Rb8 29. h4 Kg8 30. h5 a6 $2 (30... Kf8 31. Bd5 Rd8) 31. b6 Kf8 32. Kg2 Kg8 33. Bd5+ Kh7 34. a4 Kh8 35. f4 Kh7 36. f5 Rf8 37. g4 Rf6 38. Rc8 {White mates.} g6 39. Rc7+ {[%mdl 64] [#] Double Attack} Kh8 40. hxg6 {Accuracy: White = 85%, Black = 22%.} 1-0

[Event "Targo Mures Open 2019"]
[Site "Targo Mures"]
[Date "2019.10.17"]
[Round "1.5"]
[White "Malutan, Andrada"]
[Black "Filip, Lucian-Ioan"]
[Result "0-1"]
[WhiteElo "1170"]
[BlackElo "2418"]
[Annotator "RC"]
[PlyCount "40"]
[EventDate "2019.03.02"]
[EventType "swiss"]
[EventCountry "ROU"]
[SourceTitle "playchess.com"]
[Source "ChessBase"]
[SourceQuality "1"]
[TimeControl "5400+30"]

1. e4 c5 2. Nf3 e6 3. Nc3 a6 4. d4 cxd4 5. Nxd4 Qc7 6. Bd2 Nc6 7. Nb3 Nf6 8. Qf3 b5 9. O-O-O Ne5 10. Bf4 b4 11. Na4 Bb7 12. Qg3 Rc8 13. Rd2 Nxe4 14. Bxe5 d6 15. Qd3 dxe5 16. Re2 Rd8 17. Qe3 Be7 18. Kb1 Bg5 19. Qb6 Rd1+ 20. Nc1 Rxc1# 0-1

[Event "Targo Mures Open 2019"]
[Site "Targo Mures"]
[Date "2019.10.17"]
[Round "1.6"]
[White "Soltanici, Ruslan"]
[Black "Kumar, Amrit-Darius"]
[Result "1-0"]
[WhiteElo "2416"]
[BlackElo "1136"]
[Annotator "RC"]
[PlyCount "47"]
[EventDate "2019.03.02"]
[EventType "swiss"]
[EventCountry "ROU"]
[SourceTitle "playchess.com"]
[Source "ChessBase"]
[SourceQuality "1"]
[TimeControl "5400+30"]

1. e4 {[%emt 0:00:00]} e5 {[%emt 0:00:00]} 2. Nf3 {[%emt 0:00:00]} Nc6 {[%emt 0:00:26]} 3. Bb5 {[%emt 0:00:11]} d6 {[%emt 0:00:25]} 4. d4 {[%emt 0:03:39]} exd4 {[%emt 0:05:22]} 5. Nxd4 {[%emt 0:01:13]} Bd7 {[%emt 0:00:48]} 6. Bxc6 {[%emt 0:01:27]} Bxc6 {[%emt 0:00:35]} 7. Nc3 {[%emt 0:00:33]} h6 {[%emt 0:01:41]} 8. O-O {[%emt 0:00:21]} Bd7 {[%emt 0:01:10]} 9. Re1 {[%emt 0:02:42]} c6 {[%emt 0:01:53]} 10. Bf4 {[%emt 0:02:40]} Qf6 {[%emt 0:05:59]} 11. Nf5 {[%emt 0:08:06]} Bxf5 {[%emt 0:03:39]} 12. exf5+ {[%emt 0:00:14]} Kd7 {[%emt 0:01:09]} 13. Ne4 {[%emt 0:01:28]} Qxf5 {[%emt 0:06:55]} 14. Bxd6 {[%emt 0:02:20]} Qd5 {[%emt 0:04:30]} 15. Bxf8 {[%emt 0:01:49]} Rxf8 {[%emt 0:00:55]} 16. Qg4+ {[%emt 0:00:42]} Kc7 {[%emt 0:07:38]} 17. Rad1 {[%emt 0:00:57]} f5 {[%emt 0:13:07]} 18. Qf4+ {[%emt 0:00:44]} Kb6 {[%emt 0:01:44]} 19. Rxd5 {[%emt 0:00:10]} cxd5 {[%emt 0:00:35]} 20. Qd6+ {[%emt 0:00:14]} Ka5 {[%emt 0:01:14]} 21. Qc5+ {[%emt 0:00:42]} b5 {[%emt 0:00:30]} 22. Qxa7+ {[%emt 0:00:33]} Kb4 {[%emt 0:00:14]} 23. a3+ {[%emt 0:00:15]} Kc4 {[%emt 0:00:16]} 24. b3# {[%emt 0:00:07]} 1-0

[Event "Targo Mures Open 2019"]
[Site "Targo Mures"]
[Date "2019.10.17"]
[Round "1.7"]
[White "Crisan, Darian-Florin"]
[Black "Vasiesiu, Dan"]
[Result "0-1"]
[WhiteElo "1101"]
[BlackElo "2392"]
[Annotator "TA"]
[PlyCount "60"]
[EventDate "2019.03.02"]
[EventType "swiss"]
[EventCountry "ROU"]
[SourceTitle "playchess.com"]
[Source "ChessBase"]
[SourceQuality "1"]

{[%evp 9,69,5,12,-18,-17,-9,-4,-34,-12,-16,-15,-40,-10,-62,-49,-191,-188,-190,-190,-190,-191,-195,-188,-192,-170,-187,-185,-212,-206,-532,-513,-624,-610,-543,-582,-707,-708,-759,-749,-1165,-1163,-1133,-1114,-1103,-1066,-1749,-1624,-29991,-29992,-29992,-29993,-29993,-29994,-29995,-29996,-29996,-29996,-29997,-29998,-29998,-29999,-29999]} 1. e4 c5 2. Nf3 d6 3. Bb5+ Nd7 4. O-O a6 5. Bxd7+ Bxd7 6. e5 {B51: Sicilian: Moscow Variation (3 Bb5+) without 3...Bd7} (6. d4 cxd4 7. Qxd4 e5 8. Qd3 h6 9. a4 Nf6 10. a5 Be7 11. c4 b5 12. axb6 Qxb6 13. Nc3 O-O 14. Be3 Qb7 15. h3 Rfc8 16. Nd2 Be6 17. Rfb1 a5 18. b3 Ra6 19. Ra2 Bd7 20. Rba1 {½-½ (20) Wang,H (2730)-Nepomniachtchi,I (2763) St Petersburg 2018}) 6... e6 7. d4 d5 8. Na3 $146 {The position is equal.} ({Predecessor:} 8. c4 dxc4 9. dxc5 Bxc5 10. Nbd2 Rc8 11. Nxc4 Bb5 {0-1 (26) Okay,K (1959)-Romm,M (2251) ICCF email 2007}) 8... c4 9. b3 b5 10. bxc4 bxc4 11. Ng5 (11. Nb1 $11) 11... h6 ({Much worse is} 11... Bxa3 $6 {[#]} 12. Qh5 $1 $14 {[%mdl 512]} (12. Qf3 Nh6 $11)) 12. Qh5 (12. Nh3 $15) 12... g6 $19 13. Qh3 Bxa3 $1 14. Nxf7 Kxf7 15. Qf3+ Kg7 16. Bxa3 Ba4 17. Rab1 Ra7 18. Bd6 Rf7 19. Rb8 $2 (19. Qe2) 19... Qxb8 (19... Rxf3 $2 20. Rxd8 Rf7 21. c3 $19) 20. Bxb8 {[#] Hoping for Qc3.} Rxf3 21. gxf3 Bxc2 22. Kh1 Ne7 23. Bd6 Nf5 24. Rg1 Nxd6 25. exd6 {[%mdl 4096] Endgame KRB-KR} Rd8 26. h4 Rxd6 27. h5 Rb6 {White must now prevent ...Rb1.} 28. Rxg6+ Bxg6 {Black mates.} 29. hxg6 {KR-KP} c3 30. Kh2 c2 0-1

[Event "Targo Mures Open 2019"]
[Site "Targo Mures"]
[Date "2019.10.17"]
[Round "1.8"]
[White "Banzea, Alexandru-Bogdan"]
[Black "Neacsu, Cristina"]
[Result "1-0"]
[WhiteElo "2389"]
[BlackElo "1100"]
[Annotator "TA"]
[PlyCount "35"]
[EventDate "2019.03.02"]
[EventType "swiss"]
[EventCountry "ROU"]
[SourceTitle "playchess.com"]
[Source "ChessBase"]
[SourceQuality "1"]

{[%evp 10,35,51,45,71,46,51,47,49,21,26,30,26,27,27,27,24,27,27,22,243,250,560,564,547,535,543,536]} 1. e4 e5 2. Nf3 Nc6 3. Bb5 d6 4. d4 Bd7 5. Nc3 Nf6 6. O-O h6 {C66: Ruy Lopez: Steinitz Defence} (6... exd4 7. Nxd4 Nxd4 8. Qxd4 Be7 9. Bxd7+ Qxd7 10. b3 O-O 11. Bb2 c6 12. Rad1 Qc7 13. Ne2 Rfe8 14. Ng3 Bf8 15. Qd3 Re6 16. f4 Nd7 17. f5 Ree8 18. Nh5 {½-½ (49) Adhiban,B (2650)-Andriasian,Z (2586) chess.com INT 2018}) 7. Re1 (7. Bxc6 {with more complications.} Bxc6 8. Qe2 Qe7 9. Qc4 a6 10. d5) 7... Be7 8. Bxc6 Bxc6 {White is slightly better.} 9. dxe5 (9. Qd3 {feels hotter.} Nd7 10. Be3 exd4 11. Nxd4 Ne5 12. Qe2) 9... dxe5 10. Qxd8+ Rxd8 11. Nxe5 Bxe4 $1 12. Nxe4 Nxe4 13. Be3 Rd5 $146 ({Predecessor:} 13... a6 14. Nf3 Nd6 15. Bd4 f6 16. Bc5 Kf7 17. Nd4 Nc8 18. Nb3 Bxc5 19. Nxc5 Nd6 {½-½ (19) Ginzburg,M (2275)-Garcia,R (2375) Buenos Aires 1993}) 14. Nd3 f5 $2 (14... Ng5 $1 $11) 15. f3 $18 ({Resist} 15. Bxa7 $6 Kf7 $16) 15... Nd6 $2 {[#]} (15... Nf6 {is a better chance.} 16. Nf4 (16. Bxa7 Kf7 $16) 16... Kf7 17. Nxd5 Nxd5) 16. Nf4 $1 {White is clearly winning.} Rb5 17. a4 Rxb2 18. Ng6 {Accuracy: White = 78%, Black = 33%.} 1-0

[Event "Targo Mures Open 2019"]
[Site "Targo Mures"]
[Date "2019.10.17"]
[Round "1.9"]
[White "Muresan, Matei-Daniel"]
[Black "Petre, Nad-Titus"]
[Result "0-1"]
[WhiteElo "1094"]
[BlackElo "2306"]
[Annotator "TA"]
[PlyCount "96"]
[EventDate "2019.03.02"]
[EventType "swiss"]
[EventCountry "ROU"]
[SourceTitle "playchess.com"]
[Source "ChessBase"]
[SourceQuality "1"]

{[%evp 13,95,-4,-2,-20,-16,-37,-33,-29,-16,-64,0,-54,-45,-54,-29,-36,-40,-64,-68,-298,-152,-298,-310,-371,-395,-399,-393,-477,-447,-679,-561,-534,-476,-477,-479,-469,-462,-630,-622,-823,-813,-808,-793,-1386,-1333,-1116,-922,-1290,-1339,-29980,-29982,-29982,-29982,-29982,-29983,-29985,-29986,-29985,-29986,-29987,-29988,-29988,-29989,-29990,-29991,-29992,-29992,-29992,-29992,-29992,-29993,-29993,-29994,-29994,-29995,-29995,-29996,-29997,-29998,-29998,-29998,-29998,-29999,-29999]} 1. e4 c5 2. Nf3 d6 3. Nc3 Nf6 4. Bc4 Nc6 5. d4 cxd4 6. Nxd4 e6 7. Bg5 Be7 8. Bb5 {B62: Sicilian: Richter-Rauzer: 6...e6: Unusual White 7th moves} (8. Be3 {is more complex.} O-O 9. O-O a6 10. Be2 d5 11. Bf3) (8. O-O O-O 9. Kh1 a6 10. a4 Bd7 11. f4 Qc7 12. Nb3 Rad8 13. Qe2 Bc8 14. Rad1 Rfe8 15. Bd3 h6 16. Bh4 {0-1 (37) Ademi,S (2249)-Bahtijari,B (2140) Prishtina 2019}) 8... Bd7 9. Bxc6 bxc6 10. Qd3 $146 {Black is slightly better.} ({Predecessor:} 10. Nb3 Qc7 11. O-O O-O 12. Qd3 d5 13. Rad1 Ng4 14. Qh3 Nxf2 15. Rxf2 Bxg5 16. exd5 exd5 {0-1 (42) Sustr,D-Prochazka,P (1968) Tabor 2012}) 10... O-O 11. f4 Rb8 (11... h6 $15 12. Bh4 c5) 12. b3 (12. Nb3 $11) 12... d5 13. e5 Ne8 14. Bxe7 Qxe7 15. g3 c5 16. Ndb5 $2 {[#]} (16. Nf3 $15) 16... a6 ({But not} 16... d4 17. O-O-O $19) (16... c4 $1 $19 {[%mdl 512]} 17. bxc4 dxc4 18. Qxc4 Bxb5 19. Nxb5 Qb7 {[%mdl 64] Double Attack}) 17. Na3 (17. Nd6 $17) 17... c4 $1 $19 {[%cal Rc4d3][%mdl 64] Discovered Attack} 18. bxc4 Qxa3 19. cxd5 Rc8 {[%cal Bb8c8,Bc8c3,Bc3g3][%mdl 32]} 20. Ne4 Qa5+ 21. c3 (21. Qd2 $142 Qxd5 22. Qxd5 exd5 23. Nf2) 21... exd5 22. Ng5 {[%csl Gg5][%cal Rd3h7]} Qxc3+ 23. Qxc3 Rxc3 24. O-O Bg4 25. e6 fxe6 26. h3 h6 27. hxg4 hxg5 28. fxg5 Rxg3+ 29. Kh2 Rxg4 30. Rxf8+ Kxf8 31. Rg1 Rxg1 {Black mates.} 32. Kxg1 {[%mdl 4096] Endgame KN-KPP} d4 33. Kf2 e5 34. Ke2 e4 35. Kd2 Nd6 36. g6 Nc4+ 37. Ke2 d3+ 38. Kd1 e3 39. Ke1 Nb2 40. a4 d2+ 41. Ke2 d1=Q+ 42. Kxe3 Qd3+ 43. Kf4 Nc4 44. Kg4 Qf1 45. Kg5 Ne3 46. Kh4 Qg1 {[%csl Ge3][%cal Rg1g4]} 47. Kh3 Qg4+ {[%mdl 64] [#] Double Attack} 48. Kh2 Qg2# {Accuracy: White = 23%, Black = 56%.} 0-1

[Event "Targo Mures Open 2019"]
[Site "Targo Mures"]
[Date "2019.10.17"]
[Round "1.10"]
[White "Manea, Alexandru"]
[Black "Elekes, Luca-Alexandru"]
[Result "1-0"]
[WhiteElo "2305"]
[BlackElo "1038"]
[Annotator "RC"]
[PlyCount "117"]
[EventDate "2019.03.02"]
[EventType "swiss"]
[EventCountry "ROU"]
[SourceTitle "playchess.com"]
[Source "ChessBase"]
[SourceQuality "1"]
[TimeControl "5400+30"]

1. d4 {[%emt 0:00:00]} d5 {[%emt 0:00:00]} 2. Bg5 {[%emt 0:00:00]} Nc6 {[%emt 0:00:00]} 3. Nf3 {[%emt 0:00:00]} Bf5 {[%emt 0:00:01]} 4. e3 {[%emt 0:00:06]} Nb4 {[%emt 0:00:36]} 5. Na3 {[%emt 0:00:09]} f6 {[%emt 0:00:34]} 6. Bf4 {[%emt 0:00:15]} g5 {[%emt 0:00:30]} 7. Bg3 {[%emt 0:00:42]} Qd7 {[%emt 0:00:41]} 8. Bb5 {[%emt 0:02:15]} c6 {[%emt 0:00:30]} 9. Be2 {[%emt 0:00:05]} O-O-O {[%emt 0:00:26]} 10. c3 {[%emt 0:01:04]} Na6 {[%emt 0:00:30]} 11. Qa4 {[%emt 0:00:11]} e6 {[%emt 0:01:41]} 12. Nd2 {[%emt 0:04:38]} Bd6 {[%emt 0:01:51]} 13. Bxa6 {[%emt 0:01:48]} Bxg3 {[%emt 0:00:20]} 14. hxg3 {[%emt 0:00:10]} bxa6 {[%emt 0:00:20]} 15. Qxa6+ {[%emt 0:00:03]} Qb7 {[%emt 0:00:11]} 16. Qxb7+ {[%emt 0:00:05]} Kxb7 {[%emt 0:00:07]} 17. Nb3 {[%emt 0:00:03]} Be4 {[%emt 0:00:31]} 18. Nc5+ {[%emt 0:00:07]} Kb6 {[%emt 0:00:26]} 19. f3 {[%emt 0:00:54]} Bf5 {[%emt 0:00:19]} 20. Kd2 {[%emt 0:00:07]} Rd6 {[%emt 0:00:21]} 21. Nc2 {[%emt 0:00:18]} Ne7 {[%emt 0:00:27]} 22. Rh6 {[%emt 0:00:22]} Bg6 {[%emt 0:00:34]} 23. Rah1 {[%emt 0:00:08]} Rg8 {[%emt 0:02:04]} 24. g4 {[%emt 0:01:47]} f5 {[%emt 0:00:48]} 25. Ne1 {[%emt 0:00:44]} fxg4 {[%emt 0:00:48]} 26. fxg4 {[%emt 0:00:09]} Rg7 {[%emt 0:00:54]} 27. Nf3 {[%emt 0:02:17]} Ng8 {[%emt 0:00:25]} 28. R6h3 {[%emt 0:00:07]} h6 {[%emt 0:00:22]} 29. Ne5 {[%emt 0:00:05]} Be4 {[%emt 0:01:46]} 30. Nxe4 {[%emt 0:01:06]} dxe4 {[%emt 0:01:11]} 31. Nc4+ {[%emt 0:01:30]} Kc7 {[%emt 0:00:23]} 32. Nxd6 {[%emt 0:00:05]} Kxd6 {[%emt 0:00:10]} 33. Rf1 {[%emt 0:01:03]} Rg6 {[%emt 0:00:45]} 34. Rf7 {[%emt 0:00:09]} Nf6 {[%emt 0:00:29]} 35. Rg3 {[%emt 0:00:39]} h5 {[%emt 0:00:11]} 36. gxh5 {[%emt 0:00:09]} Nxh5 {[%emt 0:00:09]} 37. Rh3 {[%emt 0:00:10]} Rf6 {[%emt 0:00:31]} 38. Rxf6 {[%emt 0:00:08]} Nxf6 {[%emt 0:00:05]} 39. Rh6 {[%emt 0:00:07]} Ng8 {[%emt 0:00:42]} 40. Rg6 {[%emt 0:00:06]} Ne7 {[%emt 0:00:17]} 41. Rxg5 {[%emt 0:00:07]} Nd5 42. Rg7 a6 {[%emt 0:01:12]} 43. g4 {[%emt 0:00:53]} e5 {[%emt 0:00:36]} 44. Rg6+ {[%emt 0:00:06]} Kd7 {[%emt 0:00:22]} 45. dxe5 {[%emt 0:00:09]} Ne7 {[%emt 0:00:17]} 46. Rd6+ {[%emt 0:00:06]} Kc7 {[%emt 0:00:15]} 47. g5 {[%emt 0:00:07]} Nf5 {[%emt 0:00:45]} 48. g6 {[%emt 0:00:10]} Ng7 {[%emt 0:00:24]} 49. b4 {[%emt 0:00:07]} Nh5 {[%emt 0:01:04]} 50. c4 {[%emt 0:00:08]} Ng7 {[%emt 0:00:19]} 51. c5 {[%emt 0:00:05]} Nh5 {[%emt 0:01:39]} 52. e6 {[%emt 0:00:12]} Nf6 {[%emt 0:00:21]} 53. e7 {[%emt 0:00:07]} Kc8 {[%emt 0:00:56]} 54. Rxc6+ {[%emt 0:01:20]} Kd7 {[%emt 0:00:15]} 55. Rxf6 {[%emt 0:00:05]} Kxe7 {[%emt 0:00:30]} 56. Rf7+ {[%emt 0:00:03]} Ke8 {[%emt 0:00:29]} 57. c6 {[%emt 0:00:05]} Kd8 {[%emt 0:00:36]} 58. g7 {[%emt 0:00:04]} Ke8 {[%emt 0:00:18]} 59. g8=Q# 1-0

[Event "Targo Mures Open 2019"]
[Site "Targo Mures"]
[Date "2019.10.18"]
[Round "2.1"]
[White "Istratescu, Andrei"]
[Black "Maier, Marius-Alin"]
[Result "1-0"]
[WhiteElo "2564"]
[BlackElo "1939"]
[Annotator "TA"]
[PlyCount "37"]
[EventDate "2019.03.02"]
[EventType "swiss"]
[EventCountry "ROU"]
[SourceTitle "playchess.com"]
[Source "ChessBase"]
[SourceQuality "1"]

{[%evp 14,75,89,84,91,82,81,89,103,102,99,94,83,42,120,127,205,187,283,278,359,291,383,377,392,391,471,514,641,635,628,581,591,334,721,722,714,704,649,577,568,552,1643,1603,1531,1222,1177,1148,1059,850,2076,1913,2153,2187,29986,29987,29986,29986,29988,29989,29992,29993,29993,29994]} 1. e4 c6 2. d4 d5 3. e5 Bf5 4. h4 h6 5. g4 Bg6 6. h5 Bh7 7. e6 fxe6 8. Bd3 Be4 {B12: Caro-Kann: Advance Variation} 9. Nf3 Nf6 $146 ({Predecessor:} 9... Nd7 10. Ne5 Nxe5 11. Bxe4 dxe4 12. dxe5 Qa5+ 13. Nc3 Qxe5 14. Qe2 Nf6 15. f4 Qc7 16. Bd2 {½-½ (30) Kallgren,M-Johansson,V (2155) Borlange 1992}) 10. Nc3 Qb6 {White is better.} 11. Bxe4 dxe4 12. Ne5 Nbd7 13. O-O Rd8 ({Better is} 13... g5 $14) 14. Ng6 $16 Rh7 (14... Rg8 $16 {was worth a try.}) 15. Qe2 Qxd4 (15... Qa6 {was necessary.} 16. Qxa6 bxa6) 16. Be3 $18 Qd6 17. Rfd1 ({Weaker is} 17. Bxa7 b6 $16) 17... Qb8 18. Bf4 e5 19. Nxe4 {Played: Bf4-g3} 1-0